[Event "DVM U16w 2024"]
[Site "Neumünster GER"]
[Date "2024.12.27"]
[Round "1"]
[White "Grunert, Greta"]
[Black "Prokscha, Charlotte"]
[Result "0-1"]
[Termination "normal"]
[Board "6.2"]
[WhiteElo "1595"]
[BlackElo "1627"]
[WhiteClock "00:26:57"]
[BlackClock "00:33:11"]
[WhiteTeam "FC Bayern München 2"]
[BlackTeam "FC Bayern München"]
[PlyCount "118"]
[WhiteFideId "16258649"]
[BlackFideId "34614699"]
[EventCountry "GER"]
[EventRounds "7"]
[EventType "team-swiss"]
[EventDate "2024.12.26"]

1. e4 {[%clk 01:30:57]} {[%emt 00:00:02]} c5 {[%clk 01:30:49]} {[%emt
00:00:12]} 2. Nf3 {[%clk 01:31:14]} {[%emt 00:00:12]} d6 {[%clk 01:31:11]}
{[%emt 00:00:09]} 3. d4 {[%clk 01:31:30]} {[%emt 00:00:14]} cxd4 {[%clk
01:31:33]} {[%emt 00:00:08]} 4. Nxd4 {[%clk 01:31:52]} {[%emt 00:00:08]} Nf6
{[%clk 01:31:51]} {[%emt 00:00:11]} 5. Nc3 {[%clk 01:32:10]} {[%emt 00:00:13]}
Nc6 {[%clk 01:31:41]} {[%emt 00:00:39]} 6. Nb3 {[%clk 01:31:29]} {[%emt
00:01:11]} g6 {[%clk 01:31:52]} {[%emt 00:00:20]} 7. f3 {[%clk 01:30:15]}
{[%emt 00:01:44]} Bg7 {[%clk 01:31:35]} {[%emt 00:00:47]} 8. Be3 {[%clk
01:29:31]} {[%emt 00:01:14]} Be6 {[%clk 01:24:00]} {[%emt 00:08:05]} 9. Qd2
{[%clk 01:25:41]} {[%emt 00:04:19]} h5 {[%clk 01:17:48]} {[%emt 00:06:43]} 10.
O-O-O {[%clk 01:23:38]} {[%emt 00:02:33]} Rc8 {[%clk 00:57:25]} {[%emt
00:20:53]} 11. Be2 {[%clk 01:15:13]} {[%emt 00:08:53]} Bxb3 {[%clk 00:52:07]}
{[%emt 00:05:50]} 12. cxb3 {[%clk 01:14:07]} {[%emt 00:01:36]} Nd7 {[%clk
00:46:50]} {[%emt 00:05:46]} 13. Rdg1 {[%clk 01:07:18]} {[%emt 00:07:17]} Qa5
{[%clk 00:40:47]} {[%emt 00:06:34]} 14. Kb1 {[%clk 00:59:21]} {[%emt 00:08:28]}
a6 {[%clk 00:35:26]} {[%emt 00:05:52]} 15. Na4 {[%clk 00:53:42]} {[%emt
00:06:09]} Qxd2 {[%clk 00:30:41]} {[%emt 00:05:14]} 16. Bxd2 {[%clk 00:54:01]}
{[%emt 00:00:12]} Bd4 {[%clk 00:31:00]} {[%emt 00:00:09]} 17. Rc1 {[%clk
00:48:19]} {[%emt 00:06:13]} O-O {[%clk 00:29:33]} {[%emt 00:01:57]} 18. Nc3
{[%clk 00:41:27]} {[%emt 00:07:22]} Rfe8 {[%clk 00:26:29]} {[%emt 00:03:35]}
19. Nd5 {[%clk 00:36:18]} {[%emt 00:05:39]} Nf6 {[%clk 00:24:42]} {[%emt
00:02:16]} 20. Nxf6+ {[%clk 00:34:26]} {[%emt 00:02:22]} Bxf6 {[%clk 00:24:50]}
{[%emt 00:00:23]} 21. Bc3 {[%clk 00:32:53]} {[%emt 00:02:03]} Bg7 {[%clk
00:23:19]} {[%emt 00:02:01]} 22. Bxg7 {[%clk 00:31:59]} {[%emt 00:01:23]} Kxg7
{[%clk 00:22:49]} {[%emt 00:01:00]} 23. f4 {[%clk 00:22:35]} {[%emt 00:09:54]}
Rh8 {[%clk 00:14:45]} {[%emt 00:08:34]} 24. Bf3 {[%clk 00:15:49]} {[%emt
00:07:16]} Nd4 {[%clk 00:13:37]} {[%emt 00:01:37]} 25. Rxc8 {[%clk 00:14:15]}
{[%emt 00:02:05]} Rxc8 {[%clk 00:14:01]} {[%emt 00:00:06]} 26. Rf1 {[%clk
00:13:54]} {[%emt 00:00:48]} Rc5 {[%clk 00:10:34]} {[%emt 00:04:00]} 27. b4
{[%clk 00:10:38]} {[%emt 00:03:47]} Rc4 {[%clk 00:10:26]} {[%emt 00:00:30]} 28.
a3 {[%clk 00:10:29]} {[%emt 00:00:46]} Nxf3 {[%clk 00:08:28]} {[%emt 00:02:29]}
29. gxf3 {[%clk 00:10:17]} {[%emt 00:00:41]} Kf6 {[%clk 00:07:21]} {[%emt
00:01:38]} 30. Re1 {[%clk 00:08:47]} {[%emt 00:01:59]} e5 {[%clk 00:06:47]}
{[%emt 00:01:05]} 31. fxe5+ {[%clk 00:09:06]} {[%emt 00:00:11]} Kxe5 {[%clk
00:05:59]} {[%emt 00:01:17]} 32. Re3 {[%clk 00:07:27]} {[%emt 00:02:09]} Rc6
{[%clk 00:04:58]} {[%emt 00:01:32]} 33. Rd3 {[%clk 00:06:01]} {[%emt 00:01:55]}
b5 {[%clk 00:05:03]} {[%emt 00:00:25]} 34. Rb3 {[%clk 00:05:37]} {[%emt
00:00:54]} Kf4 {[%clk 00:05:11]} {[%emt 00:00:22]} 35. Rd3 {[%clk 00:05:51]}
{[%emt 00:00:16]} f6 {[%clk 00:04:52]} {[%emt 00:00:49]} 36. Rb3 {[%clk
00:05:55]} {[%emt 00:00:26]} Kg5 {[%clk 00:05:16]} {[%emt 00:00:06]} 37. Rd3
{[%clk 00:06:06]} {[%emt 00:00:20]} Kh4 {[%clk 00:05:29]} {[%emt 00:00:15]} 38.
f4 {[%clk 00:05:50]} {[%emt 00:00:47]} g5 {[%clk 00:04:34]} {[%emt 00:01:24]}
39. f5 {[%clk 00:05:49]} {[%emt 00:00:32]} Kg4 {[%clk 00:04:43]} {[%emt
00:00:20]} 40. Re3 {[%clk 00:02:48]} {[%emt 00:03:33]} Kf4 {[%clk 00:05:00]}
{[%emt 00:00:12]} 41. Re2 {[%clk 00:02:53]} {[%emt 00:00:13]} Rc4 {[%clk
00:05:07]} {[%emt 00:00:34]} 42. Rd2 {[%clk 00:01:37]} {[%emt 00:01:45]} Ke5
{[%clk 00:05:21]} {[%emt 00:00:14]} 43. Rd5+ {[%clk 00:01:42]} {[%emt
00:00:25]} Kxe4 {[%clk 00:05:36]} {[%emt 00:00:18]} 44. Rxd6 {[%clk 00:02:04]}
{[%emt 00:00:08]} Kxf5 {[%clk 00:05:58]} {[%emt 00:00:09]} 45. Rxa6 {[%clk
00:02:29]} {[%emt 00:00:06]} Re4 {[%clk 00:05:41]} {[%emt 00:00:46]} 46. Ra5
{[%clk 00:02:17]} {[%emt 00:00:42]} Re5 {[%clk 00:06:05]} {[%emt 00:00:06]} 47.
b3 {[%clk 00:00:54]} {[%emt 00:01:53]} Ke4 {[%clk 00:05:50]} {[%emt 00:00:43]}
48. a4 {[%clk 00:01:03]} {[%emt 00:00:23]} f5 {[%clk 00:05:35]} {[%emt
00:00:44]} 49. axb5 {[%clk 00:30:19]} {[%emt 00:01:15]} Re8 {[%clk 00:35:46]}
{[%emt 00:00:17]} 50. Ra2 {[%clk 00:28:48]} {[%emt 00:02:02]} Rb8 {[%clk
00:35:27]} {[%emt 00:00:50]} 51. Re2+ {[%clk 00:26:53]} {[%emt 00:02:22]} Kf4
{[%clk 00:35:05]} {[%emt 00:00:54]} 52. Rc2 {[%clk 00:26:51]} {[%emt 00:00:32]}
g4 {[%clk 00:33:35]} {[%emt 00:02:01]} 53. Rc4+ {[%clk 00:26:26]} {[%emt
00:00:55]} Kg5 {[%clk 00:33:50]} {[%emt 00:00:13]} 54. Rc5 {[%clk 00:26:38]}
{[%emt 00:00:19]} h4 {[%clk 00:34:06]} {[%emt 00:00:14]} 55. Kc2 {[%clk
00:26:55]} {[%emt 00:00:13]} g3 {[%clk 00:34:14]} {[%emt 00:00:22]} 56. hxg3
{[%clk 00:27:01]} {[%emt 00:00:25]} hxg3 {[%clk 00:32:56]} {[%emt 00:01:49]}
57. Rc3 {[%clk 00:26:42]} {[%emt 00:00:47]} Kg4 {[%clk 00:33:14]} {[%emt
00:00:12]} 58. Kd3 {[%clk 00:26:43]} {[%emt 00:00:30]} g2 {[%clk 00:33:02]}
{[%emt 00:00:43]} 59. Rc1 {[%clk 00:26:57]} {[%emt 00:00:16]} Kf3 {[%clk
00:33:11]} {[%emt 00:00:19]} 0-1

[Event "DVM U16w 2024"]
[Site "Neumünster GER"]
[Date "2024.12.27"]
[Round "1"]
[White "Paliwal, Kashika"]
[Black "Grey, Paula"]
[Result "1-0"]
[Termination "normal"]
[Board "6.3"]
[WhiteElo "1812"]
[BlackElo "1221"]
[WhiteClock "00:35:56"]
[BlackClock "00:21:37"]
[WhiteTeam "FC Bayern München"]
[BlackTeam "FC Bayern München 2"]
[PlyCount "97"]
[WhiteFideId "34688331"]
[BlackFideId "34630180"]
[EventCountry "GER"]
[EventRounds "7"]
[EventType "team-swiss"]
[EventDate "2024.12.26"]

1. e4 {[%clk 01:30:57]} {[%emt 00:00:02]} e5 {[%clk 01:30:52]} {[%emt
00:00:08]} 2. Nf3 {[%clk 01:31:20]} {[%emt 00:00:07]} Nc6 {[%clk 01:31:11]}
{[%emt 00:00:11]} 3. Bc4 {[%clk 01:31:31]} {[%emt 00:00:19]} Bc5 {[%clk
01:30:58]} {[%emt 00:00:43]} 4. c3 {[%clk 01:31:53]} {[%emt 00:00:08]} Nf6
{[%clk 01:30:35]} {[%emt 00:00:52]} 5. d4 {[%clk 01:32:10]} {[%emt 00:00:14]}
exd4 {[%clk 01:30:14]} {[%emt 00:00:52]} 6. O-O {[%clk 01:32:29]} {[%emt
00:00:10]} Nxe4 {[%clk 01:29:42]} {[%emt 00:01:02]} 7. cxd4 {[%clk 01:32:26]}
{[%emt 00:00:33]} d5 {[%clk 01:29:08]} {[%emt 00:01:04]} 8. dxc5 {[%clk
01:31:12]} {[%emt 00:01:44]} dxc4 {[%clk 01:28:59]} {[%emt 00:00:40]} 9. Qe2
{[%clk 01:28:48]} {[%emt 00:02:53]} Qd3 {[%clk 01:27:35]} {[%emt 00:01:54]} 10.
Re1 {[%clk 01:27:04]} {[%emt 00:02:14]} f5 {[%clk 01:26:51]} {[%emt 00:01:14]}
11. Nc3 {[%clk 01:24:16]} {[%emt 00:03:18]} O-O {[%clk 01:25:51]} {[%emt
00:01:30]} 12. Qxd3 {[%clk 01:20:58]} {[%emt 00:03:49]} cxd3 {[%clk 01:23:34]}
{[%emt 00:02:46]} 13. Nd5 {[%clk 01:18:04]} {[%emt 00:03:24]} Rf7 {[%clk
01:15:10]} {[%emt 00:08:53]} 14. Bf4 {[%clk 01:13:26]} {[%emt 00:05:08]} Bd7
{[%clk 01:10:04]} {[%emt 00:05:37]} 15. Nxc7 {[%clk 01:09:12]} {[%emt
00:04:45]} Rc8 {[%clk 01:02:43]} {[%emt 00:07:22]} 16. Nd5 {[%clk 00:53:47]}
{[%emt 00:16:22]} Ne7 {[%clk 00:56:54]} {[%emt 00:06:20]} 17. Nxe7+ {[%clk
00:46:02]} {[%emt 00:08:15]} Rxe7 {[%clk 00:56:46]} {[%emt 00:00:38]} 18. Rad1
{[%clk 00:43:42]} {[%emt 00:02:50]} Rce8 {[%clk 00:48:22]} {[%emt 00:08:53]}
19. h3 {[%clk 00:36:02]} {[%emt 00:08:11]} Bb5 {[%clk 00:41:38]} {[%emt
00:07:14]} 20. Nd4 {[%clk 00:31:17]} {[%emt 00:05:14]} d2 {[%clk 00:27:56]}
{[%emt 00:14:13]} 21. Bxd2 {[%clk 00:30:02]} {[%emt 00:01:45]} Nxd2 {[%clk
00:25:01]} {[%emt 00:03:26]} 22. Rxe7 {[%clk 00:30:08]} {[%emt 00:00:23]} Rxe7
{[%clk 00:25:25]} {[%emt 00:00:06]} 23. Nxb5 {[%clk 00:29:31]} {[%emt
00:01:07]} Ne4 {[%clk 00:21:47]} {[%emt 00:04:08]} 24. b4 {[%clk 00:23:23]}
{[%emt 00:06:38]} a6 {[%clk 00:20:35]} {[%emt 00:01:42]} 25. Rd8+ {[%clk
00:19:53]} {[%emt 00:04:00]} Kf7 {[%clk 00:20:35]} {[%emt 00:00:29]} 26. Nd4
{[%clk 00:18:54]} {[%emt 00:01:30]} Nd2 {[%clk 00:18:43]} {[%emt 00:02:22]} 27.
f3 {[%clk 00:17:24]} {[%emt 00:02:00]} Kf6 {[%clk 00:13:12]} {[%emt 00:06:01]}
28. Rf8+ {[%clk 00:15:08]} {[%emt 00:02:47]} Kg6 {[%clk 00:11:34]} {[%emt
00:02:07]} 29. Nxf5 {[%clk 00:12:39]} {[%emt 00:02:59]} Re1+ {[%clk 00:11:10]}
{[%emt 00:00:54]} 30. Kf2 {[%clk 00:12:43]} {[%emt 00:00:26]} Ra1 {[%clk
00:11:17]} {[%emt 00:00:24]} 31. Kg3 {[%clk 00:11:25]} {[%emt 00:01:47]} Rxa2
{[%clk 00:08:09]} {[%emt 00:03:38]} 32. Ne7+ {[%clk 00:08:51]} {[%emt
00:03:04]} Kh5 {[%clk 00:04:29]} {[%emt 00:04:07]} 33. Rb8 {[%clk 00:08:59]}
{[%emt 00:00:24]} g5 {[%clk 00:03:06]} {[%emt 00:01:54]} 34. Kh2 {[%clk
00:07:16]} {[%emt 00:02:13]} Nf1+ {[%clk 00:01:46]} {[%emt 00:01:50]} 35. Kg1
{[%clk 00:07:37]} {[%emt 00:00:10]} Ne3 {[%clk 00:01:13]} {[%emt 00:01:03]} 36.
g4+ {[%clk 00:05:36]} {[%emt 00:02:30]} Kh4 {[%clk 00:01:15]} {[%emt 00:00:29]}
37. Nf5+ {[%clk 00:05:53]} {[%emt 00:00:12]} Nxf5 {[%clk 00:01:23]} {[%emt
00:00:21]} 38. gxf5 {[%clk 00:06:09]} {[%emt 00:00:15]} Kg3 {[%clk 00:01:03]}
{[%emt 00:00:50]} 39. Kf1 {[%clk 00:06:14]} {[%emt 00:00:25]} Rf2+ {[%clk
00:00:51]} {[%emt 00:00:42]} 40. Ke1 {[%clk 00:06:03]} {[%emt 00:00:41]} Rxf3
{[%clk 00:01:02]} {[%emt 00:00:19]} 41. Rxb7 {[%clk 00:05:32]} {[%emt
00:01:01]} Rxf5 {[%clk 00:29:36]} {[%emt 00:02:03]} 42. c6 {[%clk 00:35:43]}
{[%emt 00:00:19]} Kxh3 {[%clk 00:26:32]} {[%emt 00:03:34]} 43. c7 {[%clk
00:34:44]} {[%emt 00:01:29]} Rf8 {[%clk 00:24:31]} {[%emt 00:02:31]} 44. Rb8
{[%clk 00:34:24]} {[%emt 00:00:50]} g4 {[%clk 00:21:12]} {[%emt 00:03:48]} 45.
Rxf8 {[%clk 00:34:41]} {[%emt 00:00:14]} Kh2 {[%clk 00:21:23]} {[%emt
00:00:19]} 46. Rf2+ {[%clk 00:34:57]} {[%emt 00:00:13]} Kh1 {[%clk 00:21:44]}
{[%emt 00:00:10]} 47. c8=Q {[%clk 00:35:11]} {[%emt 00:00:17]} h5 {[%clk
00:21:19]} {[%emt 00:00:54]} 48. Qc1 {[%clk 00:35:33]} {[%emt 00:00:08]} g3
{[%clk 00:21:37]} {[%emt 00:00:12]} 49. Ke2+ {[%clk 00:35:56]} {[%emt
00:00:06]} 1-0

[Event "DVM U16w 2024"]
[Site "Neumünster GER"]
[Date "2024.12.27"]
[Round "1"]
[White "Mauhs, Helena"]
[Black "Artemenko, Isabella"]
[Result "0-1"]
[Termination "normal"]
[Board "6.4"]
[WhiteElo "1249"]
[BlackElo "1584"]
[WhiteClock "00:06:17"]
[BlackClock "00:54:52"]
[WhiteTeam "FC Bayern München 2"]
[BlackTeam "FC Bayern München"]
[PlyCount "98"]
[WhiteFideId "34630279"]
[BlackFideId "34639616"]
[EventCountry "GER"]
[EventRounds "7"]
[EventType "team-swiss"]
[EventDate "2024.12.26"]

1. e4 {[%clk 01:30:58]} {[%emt 00:00:01]} d5 {[%clk 01:30:56]} {[%emt
00:00:04]} 2. exd5 {[%clk 01:31:18]} {[%emt 00:00:10]} Qxd5 {[%clk 01:31:20]}
{[%emt 00:00:05]} 3. Nc3 {[%clk 01:30:54]} {[%emt 00:00:55]} Qa5 {[%clk
01:31:43]} {[%emt 00:00:07]} 4. Bc4 {[%clk 01:25:35]} {[%emt 00:05:46]} Nf6
{[%clk 01:31:54]} {[%emt 00:00:22]} 5. d4 {[%clk 01:15:33]} {[%emt 00:10:26]}
Bg4 {[%clk 01:32:10]} {[%emt 00:00:20]} 6. Qd3 {[%clk 01:12:04]} {[%emt
00:03:58]} Nc6 {[%clk 01:27:10]} {[%emt 00:05:31]} 7. Bb5 {[%clk 01:01:52]}
{[%emt 00:10:40]} a6 {[%clk 01:24:38]} {[%emt 00:03:04]} 8. Bxc6+ {[%clk
00:59:58]} {[%emt 00:02:24]} bxc6 {[%clk 01:25:01]} {[%emt 00:00:08]} 9. Bd2
{[%clk 00:43:54]} {[%emt 00:16:31]} Bf5 {[%clk 01:08:48]} {[%emt 00:16:45]} 10.
Qc4 {[%clk 00:37:44]} {[%emt 00:06:36]} Qb6 {[%clk 01:06:48]} {[%emt 00:02:34]}
11. b3 {[%clk 00:33:10]} {[%emt 00:05:04]} e6 {[%clk 01:00:03]} {[%emt
00:07:15]} 12. Be3 {[%clk 00:29:31]} {[%emt 00:04:04]} Nd5 {[%clk 00:57:18]}
{[%emt 00:03:20]} 13. Nf3 {[%clk 00:23:35]} {[%emt 00:06:25]} Nb4 {[%clk
00:56:37]} {[%emt 00:01:11]} 14. Rc1 {[%clk 00:18:50]} {[%emt 00:05:12]} Nxc2+
{[%clk 00:55:48]} {[%emt 00:01:24]} 15. Rxc2 {[%clk 00:18:34]} {[%emt
00:00:45]} Bxc2 {[%clk 00:56:12]} {[%emt 00:00:06]} 16. Na4 {[%clk 00:17:17]}
{[%emt 00:01:46]} Qb4+ {[%clk 00:55:52]} {[%emt 00:00:47]} 17. Qxb4 {[%clk
00:15:14]} {[%emt 00:02:37]} Bxb4+ {[%clk 00:56:13]} {[%emt 00:00:09]} 18. Ke2
{[%clk 00:15:31]} {[%emt 00:00:09]} Be4 {[%clk 00:55:29]} {[%emt 00:01:17]} 19.
Rc1 {[%clk 00:13:38]} {[%emt 00:02:18]} f6 {[%clk 00:54:54]} {[%emt 00:01:11]}
20. Bf4 {[%clk 00:11:36]} {[%emt 00:02:30]} Kd7 {[%clk 00:53:40]} {[%emt
00:01:46]} 21. Rc4 {[%clk 00:09:53]} {[%emt 00:02:12]} Be7 {[%clk 00:53:39]}
{[%emt 00:00:33]} 22. Nc3 {[%clk 00:08:18]} {[%emt 00:02:00]} Bd5 {[%clk
00:52:14]} {[%emt 00:01:58]} 23. Nxd5 {[%clk 00:08:03]} {[%emt 00:00:47]} exd5
{[%clk 00:52:33]} {[%emt 00:00:11]} 24. Rc3 {[%clk 00:08:25]} {[%emt 00:00:07]}
Rhe8 {[%clk 00:52:57]} {[%emt 00:00:06]} 25. Kd1 {[%clk 00:07:43]} {[%emt
00:01:08]} Rab8 {[%clk 00:52:52]} {[%emt 00:00:39]} 26. Nd2 {[%clk 00:07:27]}
{[%emt 00:00:45]} Bb4 {[%clk 00:52:53]} {[%emt 00:00:27]} 27. Re3 {[%clk
00:07:32]} {[%emt 00:00:27]} Rxe3 {[%clk 00:53:05]} {[%emt 00:00:19]} 28. fxe3
{[%clk 00:07:51]} {[%emt 00:00:11]} Bd6 {[%clk 00:53:24]} {[%emt 00:00:11]} 29.
Bxd6 {[%clk 00:08:12]} {[%emt 00:00:09]} Kxd6 {[%clk 00:53:49]} {[%emt
00:00:06]} 30. Nf3 {[%clk 00:07:50]} {[%emt 00:00:51]} Re8 {[%clk 00:54:10]}
{[%emt 00:00:08]} 31. Ke2 {[%clk 00:07:58]} {[%emt 00:00:23]} a5 {[%clk
00:53:40]} {[%emt 00:01:01]} 32. Nd2 {[%clk 00:07:41]} {[%emt 00:00:46]} Rb8
{[%clk 00:53:06]} {[%emt 00:01:04]} 33. a3 {[%clk 00:07:39]} {[%emt 00:00:33]}
c5 {[%clk 00:53:17]} {[%emt 00:00:18]} 34. Kd3 {[%clk 00:07:27]} {[%emt
00:00:42]} cxd4 {[%clk 00:51:08]} {[%emt 00:02:40]} 35. exd4 {[%clk 00:07:39]}
{[%emt 00:00:17]} Re8 {[%clk 00:51:03]} {[%emt 00:00:35]} 36. h3 {[%clk
00:06:11]} {[%emt 00:01:58]} h5 {[%clk 00:51:21]} {[%emt 00:00:12]} 37. Nf1
{[%clk 00:03:30]} {[%emt 00:03:11]} Re1 {[%clk 00:51:29]} {[%emt 00:00:20]} 38.
Ne3 {[%clk 00:02:46]} {[%emt 00:01:15]} g6 {[%clk 00:51:48]} {[%emt 00:00:11]}
39. Kc2 {[%clk 00:02:31]} {[%emt 00:00:46]} Rxe3 {[%clk 00:52:05]} {[%emt
00:00:14]} 40. a4 {[%clk 00:02:50]} {[%emt 00:00:11]} Rg3 {[%clk 00:52:29]}
{[%emt 00:00:05]} 41. h4 {[%clk 00:03:14]} {[%emt 00:00:06]} c5 {[%clk
00:52:19]} {[%emt 00:00:40]} 42. dxc5+ {[%clk 00:03:34]} {[%emt 00:00:11]} Kxc5
{[%clk 00:52:34]} {[%emt 00:00:14]} 43. Kb2 {[%clk 00:03:58]} {[%emt 00:00:06]}
d4 {[%clk 00:52:38]} {[%emt 00:00:26]} 44. Kc2 {[%clk 00:04:09]} {[%emt
00:00:19]} Kb4 {[%clk 00:53:00]} {[%emt 00:00:07]} 45. Kb2 {[%clk 00:04:35]}
{[%emt 00:00:05]} Rxg2+ {[%clk 00:53:22]} {[%emt 00:00:07]} 46. Kc1 {[%clk
00:05:01]} {[%emt 00:00:05]} Kc3 {[%clk 00:53:43]} {[%emt 00:00:07]} 47. Kd1
{[%clk 00:05:28]} {[%emt 00:00:05]} Ra2 {[%clk 00:54:08]} {[%emt 00:00:05]} 48.
b4 {[%clk 00:05:52]} {[%emt 00:00:06]} d3 {[%clk 00:54:30]} {[%emt 00:00:08]}
49. bxa5 {[%clk 00:06:17]} {[%emt 00:00:05]} Ra1# {[%clk 00:54:52]} {[%emt
00:00:08]} 0-1

[Event "DVM U16w 2024"]
[Site "Neumünster GER"]
[Date "2024.12.27"]
[Round "1"]
[White "Fetahovic, Sarah"]
[Black "Rafikova, Ailin"]
[Result "1-0"]
[Termination "normal"]
[Board "7.1"]
[WhiteElo "1739"]
[BlackElo "1735"]
[WhiteClock "00:17:13"]
[BlackClock "00:18:11"]
[WhiteTeam "SG Solingen"]
[BlackTeam "Schachzwerge Magdeburg"]
[PlyCount "89"]
[WhiteFideId "34601546"]
[BlackFideId "34612173"]
[EventCountry "GER"]
[EventRounds "7"]
[EventType "team-swiss"]
[EventDate "2024.12.26"]

1. e4 {[%clk 01:30:57]} {[%emt 00:00:02]} c6 {[%clk 01:30:56]} {[%emt
00:00:05]} 2. d4 {[%clk 01:31:16]} {[%emt 00:00:11]} d5 {[%clk 01:31:18]}
{[%emt 00:00:08]} 3. exd5 {[%clk 01:31:33]} {[%emt 00:00:14]} cxd5 {[%clk
01:31:41]} {[%emt 00:00:06]} 4. Bd3 {[%clk 01:31:47]} {[%emt 00:00:16]} Nc6
{[%clk 01:31:55]} {[%emt 00:00:16]} 5. c3 {[%clk 01:32:06]} {[%emt 00:00:10]}
Nf6 {[%clk 01:32:15]} {[%emt 00:00:10]} 6. Bf4 {[%clk 01:32:23]} {[%emt
00:00:13]} Bg4 {[%clk 01:29:40]} {[%emt 00:03:05]} 7. Qb3 {[%clk 01:32:32]}
{[%emt 00:00:21]} Qd7 {[%clk 01:29:14]} {[%emt 00:00:56]} 8. Nd2 {[%clk
01:32:46]} {[%emt 00:00:16]} e6 {[%clk 01:28:17]} {[%emt 00:01:28]} 9. Ngf3
{[%clk 01:32:50]} {[%emt 00:00:26]} Qc8 {[%clk 01:23:32]} {[%emt 00:05:15]} 10.
O-O {[%clk 01:29:47]} {[%emt 00:03:33]} Be7 {[%clk 01:22:24]} {[%emt 00:01:39]}
11. Rae1 {[%clk 01:20:59]} {[%emt 00:09:17]} O-O {[%clk 01:19:07]} {[%emt
00:03:48]} 12. Qc2 {[%clk 01:03:49]} {[%emt 00:17:39]} a6 {[%clk 01:12:13]}
{[%emt 00:07:25]} 13. Ne5 {[%clk 00:59:41]} {[%emt 00:04:38]} Bh5 {[%clk
01:07:39]} {[%emt 00:05:04]} 14. Ndf3 {[%clk 00:39:21]} {[%emt 00:20:51]} b5
{[%clk 01:00:01]} {[%emt 00:08:08]} 15. a3 {[%clk 00:37:43]} {[%emt 00:02:08]}
Na5 {[%clk 00:54:39]} {[%emt 00:05:52]} 16. Ng5 {[%clk 00:21:09]} {[%emt
00:17:04]} h6 {[%clk 00:43:31]} {[%emt 00:11:36]} 17. Ngf3 {[%clk 00:17:16]}
{[%emt 00:04:24]} Bxf3 {[%clk 00:41:53]} {[%emt 00:02:08]} 18. gxf3 {[%clk
00:05:49]} {[%emt 00:11:57]} Nc4 {[%clk 00:34:45]} {[%emt 00:07:39]} 19. Qc1
{[%clk 00:02:51]} {[%emt 00:03:27]} h5 {[%clk 00:21:34]} {[%emt 00:13:40]} 20.
Bh6 {[%clk 00:01:46]} {[%emt 00:01:36]} Nh7 {[%clk 00:17:26]} {[%emt 00:04:38]}
21. Kh1 {[%clk 00:01:05]} {[%emt 00:01:11]} f5 {[%clk 00:08:54]} {[%emt
00:09:01]} 22. Bxg7 {[%clk 00:00:52]} {[%emt 00:00:44]} Bg5 {[%clk 00:04:15]}
{[%emt 00:05:09]} 23. f4 {[%clk 00:00:43]} {[%emt 00:00:39]} Kxg7 {[%clk
00:03:20]} {[%emt 00:01:25]} 24. Bxc4 {[%clk 00:00:45]} {[%emt 00:00:29]} bxc4
{[%clk 00:02:57]} {[%emt 00:00:52]} 25. Rg1 {[%clk 00:01:06]} {[%emt 00:00:09]}
Rb8 {[%clk 00:02:13]} {[%emt 00:01:14]} 26. fxg5 {[%clk 00:01:14]} {[%emt
00:00:22]} Qb7 {[%clk 00:01:27]} {[%emt 00:01:15]} 27. Qd1 {[%clk 00:00:50]}
{[%emt 00:00:54]} Rh8 {[%clk 00:00:55]} {[%emt 00:01:03]} 28. Re2 {[%clk
00:00:44]} {[%emt 00:00:36]} Nf8 {[%clk 00:01:09]} {[%emt 00:00:16]} 29. h4
{[%clk 00:00:48]} {[%emt 00:00:26]} Qc8 {[%clk 00:00:58]} {[%emt 00:00:41]} 30.
Rge1 {[%clk 00:01:01]} {[%emt 00:00:17]} Rb6 {[%clk 00:01:09]} {[%emt
00:00:20]} 31. Qa4 {[%clk 00:00:44]} {[%emt 00:00:45]} Qb7 {[%clk 00:00:52]}
{[%emt 00:00:48]} 32. Qe8 {[%clk 00:00:47]} {[%emt 00:00:27]} Rb5 {[%clk
00:00:49]} {[%emt 00:00:33]} 33. Kg1 {[%clk 00:00:45]} {[%emt 00:00:32]} Rb6
{[%clk 00:00:52]} {[%emt 00:00:28]} 34. Kf1 {[%clk 00:00:44]} {[%emt 00:00:31]}
Rb5 {[%clk 00:01:09]} {[%emt 00:00:13]} 35. Kg1 {[%clk 00:01:05]} {[%emt
00:00:08]} Rb6 {[%clk 00:01:18]} {[%emt 00:00:22]} 36. f4 {[%clk 00:01:06]}
{[%emt 00:00:30]} Rb5 {[%clk 00:01:10]} {[%emt 00:00:38]} 37. Rg2 {[%clk
00:01:22]} {[%emt 00:00:13]} Rb6 {[%clk 00:01:07]} {[%emt 00:00:34]} 38. Kh1
{[%clk 00:01:43]} {[%emt 00:00:08]} Qc7 {[%clk 00:00:59]} {[%emt 00:00:38]} 39.
g6 {[%clk 00:00:41]} {[%emt 00:01:33]} Rb8 {[%clk 00:00:43]} {[%emt 00:00:46]}
40. Qf7+ {[%clk 00:00:35]} {[%emt 00:00:35]} Qxf7 {[%clk 00:01:04]} {[%emt
00:00:10]} 41. gxf7+ {[%clk 00:29:07]} {[%emt 00:01:59]} Kh7 {[%clk 00:27:19]}
{[%emt 00:04:13]} 42. Reg1 {[%clk 00:17:00]} {[%emt 00:12:39]} Rc8 {[%clk
00:21:45]} {[%emt 00:06:04]} 43. Rg7+ {[%clk 00:16:45]} {[%emt 00:00:45]} Kh6
{[%clk 00:21:49]} {[%emt 00:00:25]} 44. Rg8 {[%clk 00:17:01]} {[%emt 00:00:14]}
Rh7 {[%clk 00:18:11]} {[%emt 00:04:09]} 45. R1g6+ {[%clk 00:17:13]} {[%emt
00:00:17]} 1-0